000 00492nam a22001697a 4500
003 NUST - PNEC
005 20170116181037.0
008 150919b xxu||||| |||| 00| 0 eng d
020 _a-
040 _cLIBRARY
082 _a621.56 AND
100 _911155
_aAnderson, Edwin P.
245 _aRefrigeration and air conditioning guide-2 : Commercial refrigeration
_cEdwin P. Anderson
260 _cc.1967
650 _911156
_aRefrigeration and refrigerating machinery
_xEE
942 _2ddc
_cBK
999 _c67975
_d67975